| 000 | 00705nam a22001577a 4500 | ||
|---|---|---|---|
| 003 | LRUA | ||
| 005 | 20210215140455.0 | ||
| 008 | 201227b xxu||||| |||| 00| 0 eng d | ||
| 040 | _cRUA | ||
| 082 | _aAGR SOM 2016 B697 Or. | ||
| 100 |
_914521 _aSOM RITHYRATHMONY សោម រិទ្ធីរ័ត្នមុន្នី |
||
| 245 | _aBiochar Application To Increase Yield Of Pok Choi And To improve Soil Quality ការប្រើរប្រាស់ជីវធ្យូងដើម្បីបង្កើនទិន្នផលស្ពៃតឿនិងលើកម្ពស់គុណភាពដី | ||
| 260 |
_aPhnom Penh _bRUA _c2016 |
||
| 300 |
_ax,31p _bill; _c29cm |
||
| 942 |
_2ddc _cAGR |
||
| 999 |
_c19582 _d19582 |
||